Účtovanie v cudzej mene v jednoduchom účtovníctve
Vymedzenie základných pojmov - valuty, devízy, devízový trh, kurz Národnej banky Slovenska, kurzy komerčných bánk a kurzové rozdiely. Prepočet prostriedkov v cudzej mene podľa zákona o účtovníctve a podľa zákona o dani z príjmov. Účtovanie v cudzej mene. Praktické príklady.
Salvato in:
| Autore principale: | |
|---|---|
| Natura: | Capitolo di libro |
| Lingua: | slovacco |
| Soggetti: | |
| Tags: |
Nessun Tag, puoi essere il primo ad aggiungerne!!
|
MARC
| LEADER | 00000naa$a2200000$$$4500 | ||
|---|---|---|---|
| 001 | 0002793 | ||
| 005 | 20231002123844.3 | ||
| 041 | 0 | |a slo | |
| 044 | |a SK | ||
| 245 | 1 | 0 | |a Účtovanie v cudzej mene v jednoduchom účtovníctve |c aut. Jarmila Strählová |
| 520 | |a Vymedzenie základných pojmov - valuty, devízy, devízový trh, kurz Národnej banky Slovenska, kurzy komerčných bánk a kurzové rozdiely. Prepočet prostriedkov v cudzej mene podľa zákona o účtovníctve a podľa zákona o dani z príjmov. Účtovanie v cudzej mene. Praktické príklady. | ||
| 610 | 2 | 0 | |a účtovníctvo jednoduché |
| 610 | 2 | 0 | |a mena |
| 610 | 2 | 0 | |a účtovanie |
| 610 | 2 | 0 | |a pojmy |
| 610 | 2 | 0 | |a valuty |
| 610 | 2 | 0 | |a devízy |
| 610 | 2 | 0 | |a kurzy |
| 610 | 2 | 0 | |a závierka účtovná |
| 610 | 2 | 0 | |a dane z príjmov |
| 100 | 1 | |a Strählová, Jarmila | |